LEADER 01422nam a2200313 i 4500 001 000000058340 003 CaOOAMICUS 005 20080827000000.0 008 080827s1996 it u000 u ita u 013 $a29512 020 $a8878026670 040 $aSeMil$bita 100 1 $aHabermas, Jürgen,$d<1929- >.$0(OLS)http://semarc/name/3650 240 10$aFaktizität und Geltung.$0(OLS)http://semarc/title/90925 245 10$aFatti e norme :$bcontributi a una teoria discorsiva del diritto e della democrazia /$cJürgen Habermas ; a cura di Leonardo Ceppa. 260 $aMilano :$bGuerini e Associati,$c1996. 300 $aXV, 579 p. ;$c23 cm. 490 0 $aSaggi ;$v26 650 4$aFilosofia politica.$0(OLS)http://semarc/subject/358 650 4$aStato di diritto.$0(OLS)http://semarc/subject/11746 650 4$aPolitica e diritto.$0(OLS)http://semarc/subject/11747 700 1 $aCeppa, Leonardo.$0(OLS)http://semarc/name/15803 830 0$aSaggi ;$v26.$0(OLS)http://semarc/title/341 850 $aSeMil 852 $aSeMil$W1$xVenegono$y1$m2P II 564$j24493$B24493$CSeMilBibl$Z2$F24496 $81 961 $aAcquisto: Casa editrice 996 $6020$a8878026670$9(OLS)http://semarc/number/33904 996 $6245$aFatti e norme :$bcontributi a una teoria discorsiva del diritto e della democrazia$9(OLS)http://semarc/title/90924 996 $6260$aMilano :$bGuerini e Associati$9(OLS)http://semarc/publisher/31885 LEADER 00689naa a2200145 i 4500 001 000000306090 003 CaOOAMICUS 005 20180831172850.0 008 180831n xx u000 u und u 013 $a14449 040 $aSeMil$bita 100 1 $aNeunheuser, Burkhard,$c.$0(OLS)http://semarc/name/16100 245 13$aLe orazioni :$bcollecta, super oblata, postcommunio : revisione del testo, principi e metodi. 773 0 $aGitton, Michel$tIniziazione alla liturgia romana.$dMagnano : Qiqajon, 2008.$kLiturgia e vita$z978-88-8227-260-9$w()173931 996 $6245$aLe orazioni :$bcollecta, super oblata, postcommunio : revisione del testo, principi e metodi$9(OLS)http://semarc/title/372210